El despertar de otros tiempos / (Record no. 188881)

MARC details
000 -LEADER
campo de control de longitud fija 00951nam a2200253 i 4500
001 - NÚMERO DE CONTROL
campo de control 188881
003 - IDENTIFICADOR DE NÚMERO DE CONTROL
campo de control SpMaBN
005 - FECHA Y HORA DE LA ÚLTIMA TRANSACCIÓN
campo de control 20251014063305.0
008 - DATOS DE LONGITUD FIJA--INFORMACIÓN GENERAL
campo de control de longitud fija 190220s2016 sp aco |||| |aspa d
020 ## - NÚMERO INTERNACIONAL ESTÁNDAR DEL LIBRO
Número Internacional Estándar del Libro 978-84-16538-62-1
080 ## - NÚMERO DE LA CLASIFICACIÓN DECIMAL UNIVERSAL
Número de la Clasificación Decimal Universal 929 Tortosa Téllez, Pablo
100 1# - ENTRADA PRINCIPAL--NOMBRE DE PERSONA
Nombre de persona Tortosa Téllez, Pablo,
Fechas asociadas al nombre 1942-
9 (RLIN) 166400
245 13 - MENCIÓN DEL TÍTULO
Título El despertar de otros tiempos /
Mención de responsabilidad, etc. Pablo Tortosa Téllez ; prólogo, Manuel Rios Ruiz.
250 ## - MENCION DE EDICION
Mención de edición 1ª ed.
260 ## - PUBLICACIÓN, DISTRIBUCIÓN, ETC.
Lugar de publicación, distribución, etc. [Madrid] :
Nombre del editor, distribuidor, etc. Letras de Autor,
Fecha de publicación, distribución, etc. 2016.
300 ## - DESCRIPCIÓN FÍSICA
Extensión 415 p. :
Otras características físicas il. col. ;
Dimensiones 24 cm.
600 17 - PUNTO DE ACCESO ADICIONAL DE MATERIA--NOMBRE DE PERSONA
Nombre de persona Tortosa Téllez, Pablo,
Fechas asociadas al nombre 1942-
Fuente del encabezamiento o término
9 (RLIN) 166400
650 #7 - PUNTO DE ACCESO ADICIONAL DE MATERIA--TÉRMINO DE MATERIA
Término de materia o nombre geográfico como elemento de entrada Flamenco
Fuente del encabezamiento o término embne
9 (RLIN) 12894
700 1# - ENTRADA AGREGADA--NOMBRE PERSONAL
Nombre de persona Ríos Ruiz, Manuel.
9 (RLIN) 97393
852 ## - LOCALIZACIÓN
Ubicación ES-MaACL
Número de control de estantería A-14382
itemnumber 196015
Sublocalización o colección R.151750
Ubicación en estantería Depósito 1
Signatura antigua Olim: N-7382
Anotaciones manuscritas Dedicatoria autógrafa del autor
Donativo/Legado Donación: Pablo Tortosa Téllez
903 ## - NOMBRE PERSONAL DE DONANTE
a Tortosa Téllez, Pablo,
d 1942-
e Donante
9 166400
942 ## - ELEMENTOS DE ENTRADA SECUNDARIOS (KOHA)
Fuente del sistema de clasificación o colocación Clasificación decimal universal
Tipo de ítem Koha Libro impreso
Holdings
Estatus retirado Estado de pérdida Fuente del sistema de clasificación o colocación Estado de daño No para préstamo Colección Biblioteca de origen Biblioteca actual Ubicación en estantería Fecha de adquisición Fuente de adquisición Total de préstamos Signatura topográfica completa Código de barras Visto por última vez Precio de reemplazo Tipo de ítem Koha Nota pública
    Clasificación decimal universal     Libros con dedicatorias Biblioteca del Ateneo de Madrid Biblioteca del Ateneo de Madrid Depósito 1 20/02/2019 Donación   A-14382 1200018 23/02/2023 23/02/2023 Libro impreso Dedicatoria autógrafa del autor